Operations and process management : (Record no. 1170)

MARC details
000 -LEADER
fixed length control field 00562cam a22001574a 4500
020 ## - INTERNATIONAL STANDARD BOOK NUMBER
ISBN 0273684264 hardback
050 00 - CALL NUMBER
Classification number TS183
Item number .O64 2006
100 ## - AUTHOR
Personal name Slack, Nigel
245 00 - TITLE
Title Operations and process management :
Remainder of title principles and practice for strategic impact /
Statement of responsibility, etc Nigel Slack ... [et al.].
260 ## - PUBLICATION INFORMATION
Place of publication Harlow, England ;
-- New York :
Name of publisher Prentice Hall/Financial Times,
Year of publication 2006.
300 ## - DESCRIPTION
Number of Pages xxiii, 531 p. :
Other physical details col. ill. ;
Dimensions 28 cm. +
Accompanying material 1CD-ROM (4 3/4 in.)
650 #0 - SUBJECTS
Topical Term Manufacturing processes.
650 #0 - SUBJECTS
Topical Term Process control.
700 1# - OTHER AUTHORS
Personal name Slack, Nigel.
942 ## - ADDED ENTRY ELEMENTS (KOHA)
Koha item type Books
Holdings
Withdrawn status Lost status Collection code Home library Current library Shelving location Date acquired Full call number Accession Number Koha item type
    Reference Methodist University Library Main Methodist University Library Main General Stacks 23/03/2007 TS183 .O64 2006 27707 Books
    Reference Methodist University Library Main Methodist University Library Main General Stacks 23/03/2007 TS183 .O64 2006 27706 Books
Copyright © 2026  MUG Library